000 00723nam a2200253Ia 4500
003 OSt
005 20260409124214.0
008 210210b2019 xxu||||| |||| 00| 0 eng d
020 _a9789387752689
040 _cAL
041 _ahin
082 _aH891.072 KAMV
100 _aSarojini Kamsal
_9213266
110 _aसरोजिनी कंसल
_9213267
245 _aVyavaharik shodh prakriya:
_bव्यावहारिक शोध प्रक्रिया
260 _aJaipur
_bCorner Stone Press
_c2019
300 _a217
650 _aVyavaharik
_9213268
650 _ashodh
_9213269
650 _aprakriya
_9213270
690 _aHindi Literature
_9213271
906 _a074381
942 _2ddc
_cREF
999 _c124978
_d124978